15 - 新潟県の自治体(Text) - Statistics

General Stats
  • This quiz has been taken 100 times
    19 since last reset
  • The average score is 26 of 30
Answers on the Map
Answers color-coded by a green-red scale on the quiz's map according to % correct below.
 
Answer Stats
市町村 % Correct
魚沼うおぬま
100%
柏崎かしわざき
100%
刈羽かりわぐん 刈羽かりわむら
100%
佐渡さど
100%
新発田しばた
100%
上越じょうえつ
100%
つばめ
100%
長岡ながおか
100%
新潟にいがた
100%
南魚沼みなみうおぬま
100%
妙高みょうこう
100%
東蒲原ひがしかんばらぐん 阿賀あがまち
91%
阿賀野あがの
91%
糸魚川いといがわ
91%
三条さんじょう
91%
胎内たいない
91%
村上むらかみ
91%
西蒲原にしかんばらぐん 弥彦やひこむら
91%
北蒲原きたかんばらぐん 聖籠せいろうまち
82%
十日町とおかまち
82%
岩船いわふねぐん 粟島浦あわしまうらむら
73%
加茂かも
73%
岩船いわふねぐん 関川せきかわむら
73%
中魚沼なかうおぬまぐん 津南つなんまち
73%
南魚沼みなみうおぬまぐん 湯沢ゆざわまち
73%
小千谷おぢや
64%
五泉ごせん
64%
南蒲原みなみかんばらぐん 田上たがみまち
64%
見附みつけ
64%
三島さんとうぐん 出雲崎いずもざきまち
55%
No matching quizzes found
Score Distribution
Percent of People with Each Score
Percentile by Number Answered
Your Score History
You have not taken this quiz since the last reset